000 02831nam a22003257a 4500
001 4542
003 FISKH
005 20250827094146.0
008 240913b cb ||||| |||| 00| 0 eng d
020 _a9789996301575
040 _aFISKH
_bBilingual
_cFISKH
_dFISKH
050 _aPZ7
082 _a800
100 _aPolin , Pen
_eauthor
245 _aមូសនិងត្រីក្រឺម /
_cនិពន្ធដោយលោក ប់ែន ប៉ូលីន​ : វិចិត្រកររូបភាពដោយ លោក ម៉ាយ យូ
250 _aចេញផ្សាយខែ តុលា ឆ្នាំ២០១២
260 _aភ្នំពេញ :
_bReading Books ;
_c២០១២​ .
300 _a24 pages :
_bcolor illustrations ;
_c26 cm .
490 _aពិភពរឿងនិទាន
505 _aK
520 _aមូសនិងត្រីក្រឺមជាសម្លាញ់នឺងគ្នា ក្រោយមកពួកគេក៏បែកបាក់មិត្តភាពដោយសារការកាន់ជើងកូនរៀងៗខ្លួន ។ ដោយកំហឺង ត្រីក្រឺមក៏សុីកូនដង្កូវទឺក។​ មូសក៏បានផ្លាស់ទីលំនៅមករស់នៅក្នុងពាងទឺកវិញ ។ មូសតែងតែខាំបឺតឈាមមនុស្សរហូតដល់មនុស្សឈីពេញភូមិ ។ ទេវតាពន្យល់សប្តិដល់បុរសអោយនាំប្រពន្ធកូនដើររកថ្នាំ ហើយក៏ដងបានត្រីក្រឺមមកចិញ្ចឺមក្នុងពាងទឺក ។ នៅទីបំផុតត្រីក្រឺមក៏បានជួបនឺងកូនដ្កូវទឺក ហើយវាក៏សុីដង្កូវទឺកនោះជាអាហាររាល់ៗថ្ងៃ ។
520 _aMosquitoes and cream fish are friends and later they break up because of holding each other's feet. In a fit of rage, the cream fish ate the water worms. The mosquitoes moved back to live in the water jars. Mosquitoes always bite and suck human blood until the whole village.The angel explained the dream to the man to take his wife and children to find medicine and then took the cream fish to feed in a jar of water. Eventually, the cream fish met the water worms and ate the worms as food every day.
521 8 _a510
_bLexile estimate
521 8 _aK
_bRaz-Plus
650 _aកូនដង្កូវទឺក
_vរឿងប្រឌិត
650 _awater worm
_vFiction
700 _aU , Mai
_eillustrator
942 _2ddc
_cBK
_n0
999 _c4542
_d4542